|
|
|
|
| LEADER |
01121njm a2200301 a 4500 |
| 001 |
000249470 |
| 003 |
CZ BrMZK |
| 005 |
20100311095101.0 |
| 008 |
950101s1963 ru f und d |
| 028 |
0 |
3 |
|a D-06583-86 $b Meždunarodnaja kniga
|
| 040 |
|
|
|a BOA001
|b cze
|
| 080 |
|
|
|a 782.91(086.7)
|2 MRF
|
| 100 |
1 |
|
|a Čajkovskij, Petr Il‘jič,
|d 1840-1893
|7 jn19981002507
|
| 245 |
1 |
0 |
|a Ščelkunčik
|h [zvukový záznam] :
|b balet-feerija /
|c P. Čajkovskij.
|
| 246 |
3 |
3 |
|a Louskáček
|
| 246 |
3 |
3 |
|a <<The >>nut-cracker
|
| 260 |
|
|
|a [Moskva] :
|b Meždunarodnaja kniga,
|c [1963]
|
| 300 |
|
|
|a 2 LP desky :
|b 33 ot/min ;
|c 30 cm +
|e 1 volná brožura (10 s.).
|
| 500 |
|
|
|a Durata neuv
|
| 500 |
|
|
|a Text v příl. též angl. a franc.
|
| 500 |
|
|
|a Nahr. neuv
|
| 511 |
0 |
|
|a Orchestr Velkého divadla SSSR, řídí Gennadij Rožděstvěnskij.
|
| 653 |
0 |
|
|a balety
|
| 710 |
2 |
|
|a Bol‘šoj teatr SSSR.
|b Orkestr.
|b Ansambl‘ solistov
|7 xx0071169
|
| 910 |
|
|
|a BOA001
|b LP-0005.130
|
| 964 |
|
|
|a Balety
|x LP
|
| 990 |
|
|
|a AV
|
| 996 |
6 |
|
|b 261H005312
|c LP-0005.130
|l MZK
|r Sklad / do 24 hodin
|n 0
|p kup zahr
|w 000249470
|u 000010
|a 1
|e BOA001
|j MZK50
|s P
|